000 00479nam a2200145 4500
999 _c16913
_d16913
008 220518b ||||| |||| 00| 0 eng d
022 _a0117-3308
082 _aDPer 004.1105 C73 Sept 2010 - April 2011 v. 20 n. 3-9
245 _aEastern communications goes 'green'.
260 _aPhilippines:
_bSchneider Electric,
_c©2010-2011.
300 _av20 n5, page 38:
_bcolor illustrations;
_c27 cm.
500 _aComputer world.
650 _aCommunication.
_945150
942 _2ddc
_cPER